000 00416nam a22001697a 4500
005 20180131122248.0
008 160628b xxu||||| |||| 00| 0 eng d
020 _a81-89757-27-X
041 _aeng
082 _b11708
_a004.16
100 _aMarriwala, Nikhil
_93104
245 _aMicroprocessors and Interface
260 _bKatson Books
_c2012
300 _a838
650 _aDiploma Engineering
_9817
942 _cBK
999 _c4526
_d4525